| 000 | 00670nam a22002417a 4500 | ||
|---|---|---|---|
| 003 | UA-OsUOA | ||
| 001 | 59000 | ||
| 007 | ta | ||
| 008 | 20090304b un ||||| |||| 00| 0 ukr d | ||
| 090 |
_a(038)81'35 _bУ45 |
||
| 942 | _cBK | ||
| 040 |
_aUA-OsUOA _bukr _cUA-OsUOA _dUA-OsUOA |
||
| 245 |
_aУкраїнський орфографічний словник _cЗа ред. Скляренка В.Г. |
||
| 300 | _a983 с. | ||
| 955 | _a2 | ||
| 041 | _aukr | ||
| 080 | _a(038)81'35 | ||
| 020 | _a978-966-507-224-9 | ||
| 260 |
_aК. _bДовіра _c2007 |
||
| 250 | _n7-ме ,перероблене і доповнене | ||
| 650 | 7 | _2UDC | |
| 999 |
_c345077 _d345077 |
||